Thử nghiệm đo lường trí tuệ cảm xúc tại nơi làm việc bằng thang Genos trên mẫu giảng viên trẻ /
Na minha lista:
| Autor principal: | |
|---|---|
| Formato: | Atigo |
| Idioma: | Vietnamese |
| Assuntos: | |
| Tags: |
Adicionar Tag
Sem tags, seja o primeiro a adicionar uma tag!
|
| Thư viện lưu trữ: | Thư viện Trường Đại học Đà Lạt |
|---|
| LEADER | 00835nam a2200265 4500 | ||
|---|---|---|---|
| 001 | DLU180186664 | ||
| 005 | ##20180904 | ||
| 040 | # | # | |a DLU |b vie |
| 041 | # | # | |a vie |
| 044 | # | # | |a vn |
| 100 | # | # | |a Phan Thị Mai Hương. |
| 245 | # | # | |a Thử nghiệm đo lường trí tuệ cảm xúc tại nơi làm việc bằng thang Genos trên mẫu giảng viên trẻ / |c Phan Thị Mai Hương. |
| 653 | # | # | |a Đo lường |
| 653 | # | # | |a Giảng viên trẻ |
| 653 | # | # | |a Trí tuệ cảm xúc |
| 773 | # | # | |t Tâm lý học |g Số 6(219), 2017, tr. 13-25 |
| 920 | # | # | |a Phòng Tạp chí -- Trung tâm Thông tin - Thư viện Trường Đại học Đà Lạt |
| 994 | # | # | |a DLU |
| 900 | # | # | |a True |
| 911 | # | # | |a Nguyễn Thị Thu Phương |
| 925 | # | # | |a G |
| 926 | # | # | |a A |
| 927 | # | # | |a BB |
| 980 | # | # | |a Thư viện Trường Đại học Đà Lạt |